| 000 | 00378nam a22001457a 4500 | ||
|---|---|---|---|
| 999 |
_c7306 _d7304 |
||
| 005 | 20210903133750.0 | ||
| 008 | 200619b xxu||||| |||| 00| 0 eng d | ||
| 082 | _a345.4 LICS | ||
| 110 |
_aALL INDIA REPORTER _96861 |
||
| 245 | _aLABOUR AND INDUSTRIAL CASES [1993] -P-I JOURNAL | ||
| 260 |
_aMUMBAI _bALL INDIA REPORTER |
||
| 300 | _a1328p | ||
| 650 |
_aLAW _95701 |
||
| 942 | _cJRL | ||